| 000 | 00659nam a2200217 4500 | ||
|---|---|---|---|
| 003 | OSt | ||
| 005 | 20240724054715.0 | ||
| 006 | a | ||
| 008 | 240724b |||||||| |||| 00| 0 eng d | ||
| 020 | _a0470016892 | ||
| 040 |
_aDWCL-Main lib. _cOC |
||
| 082 | _aCirc. 368.01 P965f 2006 | ||
| 100 | _aPromislow, S. David | ||
| 245 | _aFundamentals of actuarial mathematics / | ||
| 260 |
_aEngland : _bJohn Wiley & Sons Ltd. , _cc2006. |
||
| 300 |
_axix, _b372 p. : ill. ; _c25 cm. |
||
| 504 | _aIncludes bibliographical references and index. | ||
| 650 | _a1. Insurance-Mathematics. | ||
| 650 | _a2. Business mathematics. | ||
| 942 |
_2ddc _n0 _cBK-CIRC _kCirc. |
||
| 999 |
_c2656 _d2656 |
||